Sociálne bývanie, Saint-Denis, Paríž

Guardado en:
Detalles Bibliográficos
Autor principal: Szkuban, Samuel (Autor)
Otros Autores: Ruhig, Roman (Orientador)
Formato: Manuscrito Libro
Lenguaje:eslovaco
Publicado: 2020
Materias:
Acceso en línea:http://is.stuba.sk/zp/portal_zp.pl?podrobnosti=136738
https://opac.crzp.sk/?fn=detailBiblioForm&sid=551040C4B46A551A4669F9C2BF23
Etiquetas: Agregar Etiqueta
Sin Etiquetas, Sea el primero en etiquetar este registro!

MARC

LEADER 00000ntm a22000003a 4500
001 stuzp78524
003 SK-STU
005 20230523095147.9
007 ta
008 150427s2015----xo-----f-mn---000-0-slo-d
040 |a STU  |b slo 
041 0 |a slo 
100 1 |a Szkuban, Samuel  |u 010310  |4 aut  |U SvF Stavebná fakulta  |T SvF Katedra architektúry  |X 87342  |U V181|V310  |Y 19  |7 87342 
242 0 1 |a Social housing, Saint-Denis, Paris  |y eng 
245 1 0 |a Sociálne bývanie, Saint-Denis, Paríž 
260 |c 2020 
650 4 |a Saint-Denis  |2 slo 
650 4 |a bytový dom  |2 slo 
650 4 |a sociálne bývanie  |2 slo 
650 4 |a Multi Comfort Student Contest 2020  |2 slo 
650 4 |a residential house  |2 eng 
650 4 |a social housing  |2 eng 
650 4 |a Multi Comfort Student Contest 2020  |2 eng 
650 4 |a Saint-Denis  |2 eng 
700 1 |a Ruhig, Roman  |u 010310  |k Z3  |4 ths  |U SvF Stavebná fakulta  |T SvF Katedra architektúry  |X 7452  |U V181|V310  |Y 19  |7 A000007452 
856 4 |u http://is.stuba.sk/zp/portal_zp.pl?podrobnosti=136738 
856 4 |u https://opac.crzp.sk/?fn=detailBiblioForm&sid=551040C4B46A551A4669F9C2BF23